Distinción a Don Juan Vilá Hors
Publicado:
San Jorge, núm. 67 - 68 (2n semestre 1967), pàg 122 :
Materias:
Vilà Hors, Juan -- Medalles
MARC
| LEADER | 00000nam a2200000Ia 4500 | ||
|---|---|---|---|
| 001 | |||
| 008 | 160829s9999 xx 000 0 cat d | ||
| 245 | |a Distinción a Don Juan Vilá Hors | ||
| 260 | |a San Jorge, núm. 67 - 68 (2n semestre 1967), pàg 122 | ||
| 650 | |a Vilà Hors, Juan |x Medalles |9 40320 | ||
| 901 | |a Arxiu | ||
| 942 | |n 1 | ||
| 952 | |0 0 |1 0 |4 0 |7 1 |9 49578 |a Arxiu |b Arxiu |d 2016-12-01 |l 0 |r 2016-12-01 00:00:00 |w 2016-12-01 |y ARXIU | ||
| 999 | |c 53420 |d 53420 | ||